El mundo del hombre : (Registro nro. 7077)
[ vista simple ]
| 000 -LEADER | |
|---|---|
| fixed length control field | 01677cam a2200241 a 4500 |
| 003 - CONTROL NUMBER IDENTIFIER | |
| control field | OSt |
| 005 - DATE AND TIME OF LATEST TRANSACTION | |
| control field | 20210131171142.0 |
| 008 - FIXED-LENGTH DATA ELEMENTS--GENERAL INFORMATION | |
| fixed length control field | 051004s2004 ck r 000 0 spa d |
| 020 ## - INTERNATIONAL STANDARD BOOK NUMBER | |
| International Standard Book Number | 9589737234 |
| 040 ## - CATALOGING SOURCE | |
| Original cataloging agency | CO-JMCR |
| Transcribing agency | CO-JMCR |
| 041 0# - LANGUAGE CODE | |
| Language code of text/sound track or separate title | spa |
| 082 04 - DEWEY DECIMAL CLASSIFICATION NUMBER | |
| Classification number | 320.947 / |
| Item number | A719m |
| Edition number | 21 |
| 100 1# - MAIN ENTRY--PERSONAL NAME | |
| Personal name | Arizala, José, |
| Relator term | autor |
| 9 (RLIN) | 12915 |
| 245 13 - TITLE STATEMENT | |
| Title | El mundo del hombre : |
| Remainder of title | en los años de la perestroika / |
| Statement of responsibility, etc. | José Arizala |
| 260 ## - PUBLICATION, DISTRIBUTION, ETC. | |
| Place of publication, distribution, etc. | Bogotá : |
| Name of publisher, distributor, etc. | Universidad Autónoma de Colombia, |
| Date of publication, distribution, etc. | 2004 |
| 300 ## - PHYSICAL DESCRIPTION | |
| Extent | 286 páginas ; |
| Dimensions | 21 cm. |
| 505 ## - FORMATTED CONTENTS NOTE | |
| Formatted contents note | Apertura democrática en América latina éxitos, problemas, perspectivas -- La Unión Patriotica -- Colombia: un nuevo escenario de la "guerra sucia" -- Sometido a las más dura y sangrienta prueba -- Alternatica democrática: imperativo de la época -- En Brasil ¿un nuevo camino de la izquierda latinoamericana? -- Por un partido renovado Diego Montaña, un ave de tormenta -- Tercero en discordia -- El camino de Lukascs hacia Marx -- Antonio Gramsci -- El 26 congreso del PC francés -- Mi vaticano -- Apuntes de un debate sobre el marxismo -- El nuevo curso del PC italiano -- ¿Por qué otra vez la sombra de Stalin? -- ¿Por qué sobrevive el capitalismo? -- Los derechos humanos son indivisibles -- La crisis en el mundo de hoy -- Causas de la crisis del socialismo -- Sobre la crisis del Marxismo -- El mundo del hombre -- Exploremos la relación Gramsci-enin -- El entierro del Lenin -- Informaciones |
| 650 24 - SUBJECT ADDED ENTRY--TOPICAL TERM | |
| Topical term or geographic name entry element | Paz. |
| Geographic subdivision | Colombia |
| 9 (RLIN) | 7399 |
| 650 24 - SUBJECT ADDED ENTRY--TOPICAL TERM | |
| Topical term or geographic name entry element | Socialismo |
| 9 (RLIN) | 12916 |
| 651 #4 - SUBJECT ADDED ENTRY--GEOGRAPHIC NAME | |
| Geographic name | Unión Soviética. |
| General subdivision | Política económica. |
| Chronological subdivision | 1986-1991 |
| 9 (RLIN) | 12917 |
| 651 #4 - SUBJECT ADDED ENTRY--GEOGRAPHIC NAME | |
| Geographic name | América Latina. |
| General subdivision | Política y gobierno |
| 9 (RLIN) | 12918 |
| 942 ## - ADDED ENTRY ELEMENTS (KOHA) | |
| Source of classification or shelving scheme | Dewey Decimal Classification |
| Koha item type | Books |
| Withdrawn status | Lost status | Source of classification or shelving scheme | Damaged status | Not for loan | Home library | Current library | Date acquired | Total Checkouts | Full call number | Barcode | Date last seen | Date last checked out | Copy number | Price effective from | Koha item type |
|---|---|---|---|---|---|---|---|---|---|---|---|---|---|---|---|
| Dewey Decimal Classification | Biblioteca Pública José María del Castillo y Rada | Biblioteca Pública José María del Castillo y Rada | 01/31/2021 | 1 | 320.947 / A719m | 201810161 | 05/17/2024 | 05/17/2024 | Ej.1 | 01/31/2021 | Books |